Biggest sources of immigrants to Pennsylvania - Statistics

General Stats
  • This quiz has been taken 33 times
    24 since last reset
  • The average score is 9 of 10
Answer Stats
Hint Answer % Correct
71,951 China
100%
93,497 India
100%
56,183 Mexico
100%
21,229 United Kingdom
100%
32,184 Vietnam
88%
18,329 Canada
82%
15,532 Germany
82%
21,319 Philippines
76%
28,658 Korea
71%
22,258 Jamaica
59%
No matching quizzes found
Score Distribution
Percent of People with Each Score
Percentile by Number Answered
Your Score History
You have not taken this quiz since the last reset